<?xml version="1.0" encoding="UTF-8"?>
<record
    xmlns:xsi="http://www.w3.org/2001/XMLSchema-instance"
    xsi:schemaLocation="http://www.loc.gov/MARC21/slim http://www.loc.gov/standards/marcxml/schema/MARC21slim.xsd"
    xmlns="http://www.loc.gov/MARC21/slim">

  <leader>00471nam a2200145Ia 4500</leader>
  <controlfield tag="008">230411s9999    xx            000 0 und d</controlfield>
  <datafield tag="020" ind1=" " ind2=" ">
    <subfield code="a">978-93-5270-367-8</subfield>
  </datafield>
  <datafield tag="041" ind1=" " ind2=" ">
    <subfield code="a">eng</subfield>
  </datafield>
  <datafield tag="082" ind1=" " ind2=" ">
    <subfield code="a">S/617.917/AGR/B09358</subfield>
  </datafield>
  <datafield tag="100" ind1=" " ind2=" ">
    <subfield code="a">Agrawal Ajay Agrawal Neelabh &amp; Agrawal Sneha</subfield>
    <subfield code="9">180069</subfield>
  </datafield>
  <datafield tag="245" ind1=" " ind2=" ">
    <subfield code="a">Practical Guide to Surgical Instruments X rays and Operative Interventions</subfield>
  </datafield>
  <datafield tag="260" ind1=" " ind2=" ">
    <subfield code="b">Jaypee Brothers</subfield>
    <subfield code="a">New Delhi</subfield>
    <subfield code="c">2018</subfield>
  </datafield>
  <datafield tag="300" ind1=" " ind2=" ">
    <subfield code="a">156p</subfield>
  </datafield>
  <datafield tag="999" ind1=" " ind2=" ">
    <subfield code="c">158519</subfield>
    <subfield code="d">158519</subfield>
  </datafield>
  <datafield tag="952" ind1=" " ind2=" ">
    <subfield code="0">0</subfield>
    <subfield code="1">0</subfield>
    <subfield code="4">0</subfield>
    <subfield code="7">0</subfield>
    <subfield code="8">S</subfield>
    <subfield code="a">BTIN</subfield>
    <subfield code="b">BTIN</subfield>
    <subfield code="d">2020-09-10</subfield>
    <subfield code="e">S.K.Kothari,Pune.</subfield>
    <subfield code="g">795.00</subfield>
    <subfield code="i">558/2019-20</subfield>
    <subfield code="j">2</subfield>
    <subfield code="l">4</subfield>
    <subfield code="m">1</subfield>
    <subfield code="o">S 617.917 AGR B09358</subfield>
    <subfield code="p">BTIN-BK-9358</subfield>
    <subfield code="r">2025-08-22 00:00:00</subfield>
    <subfield code="s">2025-08-14</subfield>
    <subfield code="v">540.60</subfield>
    <subfield code="w">2020-03-11</subfield>
    <subfield code="y">BK</subfield>
    <subfield code="z">B09358</subfield>
  </datafield>
  <datafield tag="952" ind1=" " ind2=" ">
    <subfield code="0">0</subfield>
    <subfield code="1">0</subfield>
    <subfield code="4">0</subfield>
    <subfield code="7">0</subfield>
    <subfield code="8">S</subfield>
    <subfield code="a">BTIN</subfield>
    <subfield code="b">BTIN</subfield>
    <subfield code="d">2020-09-10</subfield>
    <subfield code="e">S.K.Kothari,Pune.</subfield>
    <subfield code="g">795.00</subfield>
    <subfield code="i">558/2019-20</subfield>
    <subfield code="j">2</subfield>
    <subfield code="l">8</subfield>
    <subfield code="o">S 617.917 AGR B09359</subfield>
    <subfield code="p">BTIN-BK-9359</subfield>
    <subfield code="r">2025-01-22 00:00:00</subfield>
    <subfield code="s">2025-01-16</subfield>
    <subfield code="v">540.60</subfield>
    <subfield code="w">2020-03-11</subfield>
    <subfield code="y">BK</subfield>
    <subfield code="z">B09359</subfield>
  </datafield>
</record>
